000 01427nam a2200229Ia 4500
003 Ost
005 20260507075515.0
008 260507s9999||||xx |||||||||||||| ||und||
020 _a9789953515359
040 _cfsecg
041 _aara
082 _a338.5
100 _aتلون، فردريك
_eمؤلف
245 0 _aمدخل إلى الإقتصاد الجزئي /
_c فردريك تلون
260 _aبيروت:
_bمجد المؤسسة الجامعية للدراسات والنشر,
_c2008
300 _a304 صفحة؛
_bإيضاحات ؛
_c24 سم
504 _aالملاحق:ص ص.289-294 ببليوغرافيا:ص ص.295-296
520 _aالبحث عن التوازن الطلب،العرض والسوق،تحقيق الحد الأقصى من المتعة سلوك المستهلك،خلق ثروات جديدة الإنتاج والتكاليف،الصراع من أجل الأسواق المنتج في وضع منافسة،قدرة المؤسسة الكبيرة الإحتكار،من التهديد إلى التواطؤ احتكار القلة،الأجر،الإيراد والفائدة تكوين سعر العوامل،مواجهة لعجز السوق تدخل الدولة،الموازنة بين الحاضر والمستقبل الخيارات ما بين الأزمة
653 _aالاقتصاد الجزئي
700 _aواشد، وردية
_eمؤلف ثانوي
942 _cكتاب
999 _c44753
_d44753